000 00405cam a2200169ua 4500
041 _aeng
_h
082 _a828.09
_bJEF/LA
100 _aJefferson, D W .
245 _aLaurence sterne /
_cD W Jefferson.
_hTextual Documents
250 _a1 /
_b.
260 _aLondon :
_bLongman Green and Co ,
_c1959.
300 _a35 ; .
504 _a
942 _cBK
999 _c6858
_d6858